[Event "Leiden LCT op-A 7th"]
[Site "Leiden"]
[Date "2013.07.13"]
[Round "2"]
[White "Slingerland, Fred"]
[Black "Koes, Richard"]
[Result "1-0"]
[WhiteElo "2350"]
[BlackElo "1919"]
[PlyCount "109"]
[EventDate "2013.07.12"]
[EventType "swiss"]
[EventRounds "9"]
[EventCountry "NED"]
[SourceTitle "CBM 155 Extra"]
[Source "ChessBase"]
[SourceDate "2013.08.26"]
[SourceVersion "1"]
[SourceVersionDate "2013.08.26"]
[SourceQuality "1"]

1. e4 e5 2. Nf3 Nc6 3. Bb5 Nf6 4. 0-0 Bc5 5. Bxc6 dxc6 6. Nxe5 Nxe4 7. Qe2 Qd5 8. d3 Qxe5 9. Qxe4 Qxe4 10. dxe4 Bg4 11. h3 Bh5 12. Bf4 0-0-0 13. Re1 f6 14. Nc3 g5 15. Be3 Bxe3 16. Rxe3 Rd2 17. Rc1 Rhd8 18. Kf1 R2d6 19. f3 Bf7 20. b3 Rd2 21. Re2 h5 22. Rxd2 Rxd2 23. Nb1 Rd7 24. Ke2 h4 25. Nd2 Be6 26. Rd1 Kd8 27. Nf1 Rxd1 28. Kxd1 Ke7 29. Kd2 Kd6 30. Ke3 Ke5 31. Nd2 b5 32. f4+ gxf4+ 33. Kd3 c5 34. Nf3+ Kd6 35. c4 c6 36. Nxh4 a6 37. Nf3 Bd7 38. e5+ fxe5 39. Ke4 bxc4 40. bxc4 Be6 41. Nxe5 f3 42. Nxf3 Bxc4 43. a3 Bf1 44. Ne1 c4 45. h4 Ke6 46. g4 Kf6 47. Kd4 Be2 48. g5+ Kg6 49. Ng2 c5+ 50. Kc3 Kf5 51. Ne3+ Kf4 52. g6 Bd3 53. g7 Bh7 54. Nd5+ Kf5 55. Ne7+ 1-0

[Event "Bussum op 30th"]
[Site "Bussum"]
[Date "2013.05.20"]
[Round "6"]
[White "Slingerland, Fred"]
[Black "Ootes, Lars"]
[Result "0-1"]
[WhiteElo "2349"]
[BlackElo "2356"]
[PlyCount "46"]
[EventDate "2013.05.18"]
[EventType "swiss"]
[EventRounds "7"]
[EventCountry "NED"]
[SourceTitle "CBM 154 Extra"]
[Source "ChessBase"]
[SourceDate "2013.06.25"]
[SourceVersion "2"]
[SourceVersionDate "2013.06.25"]
[SourceQuality "1"]

1. e4 d6 2. d4 Nf6 3. Nc3 g6 4. f4 Bg7 5. a3 0-0 6. Nf3 c5 7. dxc5 Qa5 8. b4 Qd8 9. Rb1 Nfd7 10. Na4 a5 11. Bb5 axb4 12. axb4 dxc5 13. Nxc5 Qb6 14. Bxd7 Nxd7 15. Nxd7 Bxd7 16. Qxd7 Rfd8 17. Qh3 Bc3+ 18. Nd2 Ra3 19. Qg4 Ra2 20. Qd1 Qd4 21. e5 Qe4+ 22. Kf2 Bxd2 23. Qf3 Qxc2 0-1